<?xml version="1.0" encoding="UTF-8"?>
<resp>
  <nextPage>https://data.bn.org.pl/api/networks/bibs.marcxml?marc=001+b00001150000890&amp;sinceId=1150000891</nextPage>
  <collection>
    <record xmlns='http://www.loc.gov/MARC21/slim'><leader>00827namZa2200301ZiZ4500</leader><controlfield tag='001'>b00001150000890</controlfield><controlfield tag='005'>20260402111628.2</controlfield><controlfield tag='008'>230609s        pl           |000 0 pol c</controlfield><controlfield tag='009'>9913261206505606</controlfield><datafield ind1=' ' ind2=' ' tag='020'><subfield code='a'>837162848X</subfield></datafield><datafield ind1=' ' ind2=' ' tag='035'><subfield code='a'>KR_1KR_1_20120317225411042182-48omnis_kr</subfield></datafield><datafield ind1=' ' ind2=' ' tag='035'><subfield code='a'>KR_1_20120317225411042182</subfield><subfield code='9'>ExL</subfield></datafield><datafield ind1=' ' ind2=' ' tag='035'><subfield code='a'>(PL)b00001150000890</subfield></datafield><datafield ind1=' ' ind2=' ' tag='040'><subfield code='a'>KR_1</subfield><subfield code='c'>KR_1</subfield></datafield><datafield ind1='1' ind2=' ' tag='041'><subfield code='a'>pol</subfield><subfield code='h'>fre</subfield></datafield><datafield ind1='1' ind2=' ' tag='100'><subfield code='a'>Lamquet, Chris.</subfield></datafield><datafield ind1='1' ind2='0' tag='245'><subfield code='a'>Gorzki Morphing /</subfield><subfield code='c'>Chris Lamquet ; przekł. Arno.</subfield></datafield><datafield ind1=' ' ind2=' ' tag='260'><subfield code='a'>Wrocław :</subfield><subfield code='b'>&quot;Siedmioróg&quot;,</subfield><subfield code='c'>2000.</subfield></datafield><datafield ind1=' ' ind2=' ' tag='300'><subfield code='a'>48 s. :</subfield><subfield code='b'>il. ;</subfield><subfield code='c'>30 cm.</subfield></datafield><datafield ind1='1' ind2=' ' tag='490'><subfield code='a'>Alvin Norge</subfield></datafield><datafield ind1=' ' ind2=' ' tag='500'><subfield code='a'>p</subfield></datafield><datafield ind1=' ' ind2='9' tag='650'><subfield code='a'>Komiksy</subfield></datafield><datafield ind1='1' ind2=' ' tag='700'><subfield code='a'>Arno</subfield><subfield code='e'>Tł.</subfield></datafield><datafield ind1=' ' ind2=' ' tag='852'><subfield code='b'>48OMNIS_NETWORK</subfield><subfield code='8'>9913261206505606</subfield></datafield><datafield ind1=' ' ind2=' ' tag='920'><subfield code='a'>83-7162-848-X</subfield></datafield></record>
  </collection>
</resp>
